bakterie i ich odpowiedniki łacińskie - Statystyki

Ogólne statystyki
  • Ten quiz został rozwiązany 16 razy
  • Średni wynik to 5 z 12
Statystyki odpowiedzi
Bakteria Nazwa łacińska % Poprawnych
pałeczka okrężnicy escherichia coli
92%
gronkowiec złocisty staphylococcus aureus
92%
gronkowiec skórny staphylococcus epidermidis
58%
dwoinka zapalenia płuc(pneumokoki) streptococcus pneumoniae
58%
dwoinka zapalenia oponmózgowo-rdzeniowych neisseria meningitidis
50%
pałeczka ropy błękitnej pseudomonas aeruginosa
33%
paciorkowiec ropny streptococcus pyogenes
33%
paciorkowiec bezmleczności(GBS) streptococcus agalactiae
25%
laseczka zgorzeli gazowej clostridium perfringens
17%
pałeczka zapalenia płuc klebsiella pneumoniae
8%
pałeczka odmieńca proteus mirabilis
8%
laseczka rzekomobłoniastegozapalenia jelit clostridioides dificille
0%
Nie znaleziono quizów pasujących do podanych kryteriów
Rozkład punktacji
Procent ludzi z każdym wynikiem
Percentyl według liczby udzielonych odpowiedzi
Twoja historia wyników
Nie rozwiązałeś tego quizu